Effectif de l'Équipe de France à la Coupe du Monde 1998 - Statistiques

Statistiques générales
  • Ce quiz a été pris 74 fois
  • Le résultat moyen est 18 sur 23
Statistiques - réponses
Poste Club Note Club Prime Note Prime Réponse % Correct
GK AS Monaco 86 AS Monaco 87 Fabien Barthez
97%
MOC Juventus 89 Real Madrid 90 Zinedine Zidane
97%
AG AS Monaco 75 Arsenal 96 Thierry Henry
92%
DG Bayern München 81 Bayern München 83 Bixente Lizarazu
91%
MC Arsenal 82 Arsenal 83 Emmanuel Petit
89%
MC Juventus 82 Juventus 86 Didier Deschamps
86%
DC Olympique de Marseille 86 Inter Milan 87 Laurent Blanc
86%
DD Parma 89 Parma 91 Lilian Thuram
86%
GK West Ham United 82 PSG 89 Bernard Lama
83%
DC Chelsea 86 Chelsea 89 Marcel Desailly
83%
MC Arsenal 79 Inter Milan 91 Patrick Vieira
83%
BU AS Monaco 74 Juventus 88 David Trézéguet
78%
MOC Inter Milan 92 Inter Milan 92 Youri Djorkaeff
78%
Coach France . . . Aimé Jacquet
77%
MC Real Madrid 78 Sampdoria 80 Christian Karembeu
74%
DC Chelsea 82 Chelsea 85 Frank Leboeuf
74%
MG Olympique de Marseille 85 Arsenal 90 Robert Pirès
74%
AD Olympique de Marseille 74 Girondins de Bordeaux 79 Christophe Dugarry
69%
BU Glasgow Rangers 83 Stade Rennais 83 Stéphane Guivarch
66%
GK Glasgow Rangers 76 AJ Auxerre 79 Lionel Charbonnier
54%
AG AJ Auxerre 84 AJ Auxerre 84 Bernard Diomède
52%
MC Parma 80 Parma 82 Alain Boghossian
49%
DG AS Roma 79 AS Roma 88 Vincent Candela
46%
Aucun quiz correspondant
Distribution des résultats
% des personnes avec chaque résultat
Percentile par nombre de réponses
Votre historique - résultats
Vous n’avez pas pris ce quiz